| 000 | 00419nam a2200169Ia 4500 | ||
|---|---|---|---|
| 005 | 20250423100618.0 | ||
| 008 | 250422s9999 xx 000 0 und d | ||
| 020 | _a9789784875356 | ||
| 050 | _aHD 1387 .O38/ | ||
| 100 | _aOgunba, Olusegun A. | ||
| 245 | 0 | _aPrinciples & practice of property valuation in Nigeria | |
| 260 | _aIbadan | ||
| 260 | _bAlantis Books | ||
| 260 | _c2013 | ||
| 300 | _a495 p | ||
| 942 | _cBK | ||
| 999 |
_c33829 _d33829 |
||